100 most valuable Ligue 1 players 2024 - Statistics

General Stats
  • This quiz has been taken 152 times
  • The average score is 42 of 100
Answer Stats
Rank Nation Value (€) Club Position Player % Correct
1 France 180m Paris Saint-Germain FW Kylian Mbappé
100%
3 Morocco 65m Paris Saint-Germain DEF Achraf Hakimi
96%
5 France 60m Paris Saint-Germain FW Ousmane Dembélé
92%
7 Brazil 60m Paris Saint-Germain DEF Marquinhos
90%
10 Canada 50m Lille OSC FW Jonathan David
89%
15 Italy 40m Paris Saint-Germain GK Gianluigi Donnarumma
85%
2 France 70m Paris Saint-Germain FW Randal Kolo Muani
85%
11 Portugal 45m Paris Saint-Germain MID Vitinha
84%
8 Uruguay 60m Paris Saint-Germain MID Manuel Ugarte
82%
6 Portugal 60m Paris Saint-Germain DEF Nuno Mendes
81%
4 France 60m Paris Saint-Germain MID Warren Zaïre-Emery
81%
9 Portugal 50m Paris Saint-Germain FW Gonçalo Ramos
80%
13 Slovakia 45m Paris Saint-Germain DEF Milan Skriniar
77%
21 France 30m Paris Saint-Germain FW Bradley Barcola
73%
38 France 20m Paris Saint-Germain DEF Presnel Kimpembe
73%
18 Spain 30m Paris Saint-Germain MID Fabián Ruiz
71%
29 South Korea 22m Paris Saint-Germain MID Kang-in Lee
70%
12 France 45m Paris Saint-Germain DEF Lucas Hernández
67%
20 Russia 30m AS Monaco MID Aleksandr Golovin
65%
14 France 40m OGC Nice MID Khéphren Thuram
63%
16 France 40m RC Lens FW Elye Wahi
59%
19 USA 30m AS Monaco FW Folarin Balogun
57%
22 France 28m AS Monaco MID Youssouf Fofana
56%
40 Spain 20m Paris Saint-Germain MID Carlos Soler
55%
17 France 35m OGC Nice DEF Jean-Clair Todibo
55%
24 France 25m Olympique Lyonnais MID Rayan Cherki
54%
23 Algeria 28m Stade Rennais FC FW Amine Gouiri
52%
44 Spain 20m Paris Saint-Germain FW Marco Asensio
52%
25 Nigeria 25m OGC Nice FW Terem Moffi
51%
41 Senegal 20m Olympique de Marseille FW Ismaïla Sarr
48%
32 Switzerland 22m AS Monaco MID Denis Zakaria
46%
30 Argentina 22m RC Lens DEF Facundo Medina
46%
28 Austria 22m RC Lens DEF Kevin Danso
46%
34 France 22m Stade Rennais FC FW Martin Terrier
46%
51 France 18m Lille OSC GK Lucas Chevalier
43%
26 Mali 25m AS Monaco MID Mohamed Camara
43%
90 Spain 12m Olympique de Marseille GK Pau López
43%
89 Japan 12m AS Monaco FW Takumi Minamino
43%
45 England 20m Lille OSC MID Angel Gomes
42%
67 France 15m RC Lens GK Brice Samba
42%
70 DR Congo 15m Olympique de Marseille DEF Chancel Mbemba
42%
73 France 15m Olympique de Marseille MID Jordan Veretout
42%
54 France 18m Olympique Lyonnais MID Maxence Caqueret
42%
81 Switzerland 12m AS Monaco FW Breel Embolo
41%
64 Brazil 15m Paris Saint-Germain DEF Lucas Beraldo
41%
69 Morocco 15m Olympique de Marseille MID Amine Harit
40%
78 Morocco 12m Olympique de Marseille MID Azzedine Ounahi
40%
75 France 15m Olympique de Marseille DEF Jonathan Clauss
39%
92 Japan 10m Stade de Reims FW Junya Ito
39%
36 Brazil 20m AS Monaco DEF Caio Henrique
38%
72 Central African Republic 15m Olympique de Marseille MID Geoffrey Kondogbia
38%
47 France 18m Stade Rennais FC MID Benjamin Bourigeaud
37%
53 Senegal 18m Olympique de Marseille FW Iliman Ndiaye
36%
27 France 25m Lille OSC DEF Leny Yoro
36%
48 France 18m Olympique de Marseille MID Valentin Rongier
36%
43 Belgium 20m Stade Rennais FC DEF Arthur Theate
35%
98 Kosovo 10m Lille OSC FW Edon Zhegrova
35%
65 Poland 15m OGC Nice GK Marcin Bulka
35%
33 Algeria 22m Olympique Lyonnais FW Saïd Benrahma
35%
39 France 20m Stade Rennais FC FW Arnaud Kalimuendo
34%
76 France 15m OGC Nice FW Gaëtan Laborde
34%
31 Belgium 22m Olympique Lyonnais MID Orel Mangala
34%
35 Brazil 20m AS Monaco DEF Vanderson
34%
71 France 15m Stade Rennais FC MID Désiré Doué
33%
88 France 12m FC Nantes GK Alban Lafont
32%
79 France 12m Paris Saint-Germain DEF Nordi Mukiele
32%
95 Chile 10m AS Monaco DEF Guillermo Maripán
30%
49 Ghana 18m Olympique Lyonnais FW Ernest Nuamah
29%
100 France 10m Toulouse FC GK Guillaume Restes
29%
37 France 20m Stade Rennais FC MID Ludovic Blas
29%
52 Ivory Coast 18m AS Monaco DEF Wilfried Singo
29%
50 Morocco 18m AS Monaco MID Eliesse Ben Seghir
27%
42 France 20m Stade Rennais FC MID Enzo Le Fée
27%
66 Nigeria 15m Olympique Lyonnais FW Gift Orban
27%
60 Netherlands 15m Toulouse FC FW Thijs Dallinga
27%
86 Nigeria 12m Montpellier HSC FW Akor Adams
26%
84 Senegal 12m AS Monaco FW Krépin Diatta
25%
55 France 18m Stade Rennais FC DEF Adrien Truffert
24%
99 Japan 10m Stade de Reims FW Keito Nakamura
24%
46 Ghana 18m RC Lens MID Salis Abdul Samed
24%
77 Brazil 14m RC Strasbourg MID Andrey Santos
23%
94 France 10m RC Lens MID Andy Diouf
23%
62 Ivory Coast 15m OGC Nice FW Jérémie Boga
23%
93 France 10m Stade de Reims GK Yehvann Diouf
23%
68 France 15m Lille OSC DEF Bafodé Diakité
22%
85 France 12m OGC Nice DEF Melvin Bard
20%
80 France 12m Stade Rennais FC MID Baptiste Santamaria
19%
91 Zimbabwe 12m Stade de Reims MID Marshall Munetsi
19%
63 Morocco 15m OGC Nice FW Sofiane Diop
19%
58 Brazil 15m RC Strasbourg FW Ângelo
17%
87 Netherlands 12m RC Strasbourg FW Emanuel Emegha
16%
97 Netherlands 10m Stade Rennais FC MID Azor Matusiwa
15%
96 Russia 10m Le Havre AC MID Daler Kuzyaev
14%
57 France 18m RC Strasbourg MID Habib Diarra
14%
74 Ghana 15m AS Monaco MID Mohammed Salisu
13%
61 Switzerland 15m Stade Rennais FC MID Fabian Rieder
11%
56 Burundi 18m OGC Nice MID Youssouf Ndayishimiye
11%
82 Ivory Coast 12m RC Strasbourg DEF Abakar Sylla
10%
59 France 15m FC Lorient MID Eli Junior Kroupi
9%
83 France 12m RC Strasbourg DEF Ismaël Doukouré
3%
No matching quizzes found
Score Distribution
Percent of People with Each Score
Percentile by Number Answered
Your Score History
You have not taken this quiz